Paesi per immagini di forze di polizia - Statistics

Statistiche generali
  • Questo quiz è stato fatto 337 volte
  • Il punteggio medio è 9 su 15
Statistiche sulle risposte
con Immagini Risposta % Corretto
Italia
96%
Regno Unito
86%
Stati Uniti
84%
Cina
77%
Emirati Arabi Uniti
71%
Canada
68%
India
59%
Russia
59%
Germania
58%
Francia
55%
Spagna
40%
Brasile
32%
Thailandia
30%
Svezia
23%
Australia
18%
Nessun quiz corrispondente trovato
Distribuzione punteggi
Percentuale di utenti per punteggio
Percentile per numero di risposta
I tuoi punteggi nel tempo
Non hai fatto questo quiz